000 00637cam a2200193 4500500
005 20260329005110.0
041 _afre
042 _adc
100 1 0 _aDurand, Jean-Marie
_eauthor
245 0 0 _aLa Raison et la Colère. Un hommage philosophico-politique à Jacques Bouveresse
260 _c2022.
500 _a42
690 _aBouveresse
690 _aJacques Bouveresse
690 _aJean-Claude Monod
690 _aRationalité
786 0 _nPhilosophie magazine | 160 | 6 | 2022-06-01 | p. 55-56 | 1951-1787
856 4 1 _uhttps://shs.cairn.info/magazine-philosophie-magazine-2022-6-page-55?lang=fr&redirect-ssocas=7080
999 _c1840284
_d1840284